Giáo trình tổ chức cuộc sống gia đình Sách dùng Cao đẳng Sư phạm

Shranjeno v:
Bibliografske podrobnosti
Drugi avtorji: gia đình
Format: Knjiga
Jezik:Vietnamese
Izdano: H. Đại học sư phạm 2007
Teme:
Oznake: Označite
Brez oznak, prvi označite!
Thư viện lưu trữ: Mạng thư viện Đại học Đà Nẵng
LEADER 01116nam a2200301 4500
001 000015345
003 11722
005 20120525150523.0
008 120525s2007 viesd
041 0 |a vie 
082 |a 306.8507  |b Gia 
245 0 |a Giáo trình tổ chức cuộc sống gia đình  |b Sách dùng Cao đẳng Sư phạm  |c Nguyễn Thị Diệu Thảo (ch.b) - Nguyễn Thị Hoàng - Trịnh Xuân Thu 
260 |a H.  |b Đại học sư phạm  |c 2007 
300 |a 153 tr  |c 24 cm 
500 |a Bộ giáo dục và đào tạo dự án đào tạo giáo viên THCS 
653 |a giáo trình 
653 |a cuộc sống 
700 |a gia đình 
OWN |a LSP 
AVA |a UDN50  |b LSP  |d 306.8507 Gia  |e available  |t Error 5001 Not defined in file expand_doc_bib_avail.  |f 5  |g 0  |h N  |i 0  |k 1 
999 |a From the UDN01 
AVA |a UDN50  |b LSP  |d 306.8507 Gia  |e available  |t Error 5001 Not defined in file expand_doc_bib_avail.  |f 5  |g 0  |h N  |i 0  |k 1 
TYP |a Monograph 
TYP |a Printed language 
980 |a Mạng thư viện Đại học Đà Nẵng